[Event "New Westminster BC Day"]
[Site "New Westminster"]
[Date "2024.08.04"]
[Round "8"]
[White "Tarjan, James Edward"]
[Black "Rodrigue Lemieux, Shawn"]
[Result "0-1"]
[WhiteElo "2283"]
[BlackElo "2506"]
[PlyCount "88"]
[EventDate "2024.08.01"]
[EventType "swiss"]
[EventRounds "9"]
[EventCountry "CAN"]
[SourceTitle "CBM 221 Extra"]
[Source "ChessBase"]
[SourceDate "2024.09.30"]
[SourceVersion "1"]
[SourceVersionDate "2024.09.30"]
[SourceQuality "1"]

1. c4 Nf6 2. g3 e6 3. Bg2 d5 4. Nf3 Be7 5. 0-0 0-0 6. b3 b6 7. cxd5 exd5 8. Bb2 Re8 9. Nc3 Bb7 10. d4 Nbd7 11. Rc1 Bf8 12. e3 a6 13. Re1 Bd6 14. Re2 Ne4 15. Rec2 Qe7 16. Ne2 c6 17. Nf4 a5 18. a4 Rad8 19. Nd3 Nb8 20. Nfe5 f6 21. Nf3 Bc8 22. Nfe1 Bf5 23. Re2 Qd7 24. f3 Ng5 25. Nf4 Re7 26. Ned3 Rde8 27. Qd2 h6 28. Rce1 Na6 29. Bc3 Nc7 30. b4 axb4 31. Bxb4 Nge6 32. Rc1 Bxd3 33. Bxd6 Bxe2 34. Bxe7 Nxf4 35. gxf4 Qxe7 36. Qxe2 Qa3 37. Rxc6 Rxe3 38. Qd1 Ne6 39. Qb1 Re2 40. Rc8+ Kf7 41. Qc1 Qd3 42. Bf1 Nxd4 43. Qc7+ Kg6 44. f5+ Kh7 0-1

[Event "New Westminster BC Day"]
[Site "New Westminster"]
[Date "2024.08.03"]
[Round "6"]
[White "Vijayakumar, Advaith"]
[Black "Tarjan, James Edward"]
[Result "0-1"]
[WhiteElo "2065"]
[BlackElo "2283"]
[PlyCount "236"]
[EventDate "2024.08.01"]
[EventType "swiss"]
[EventRounds "9"]
[EventCountry "CAN"]
[SourceTitle "CBM 221 Extra"]
[Source "ChessBase"]
[SourceDate "2024.09.30"]
[SourceVersion "1"]
[SourceVersionDate "2024.09.30"]
[SourceQuality "1"]

1. d4 Nf6 2. c4 d6 3. Nc3 Nbd7 4. e4 e5 5. Nf3 g6 6. Be2 Bg7 7. 0-0 0-0 8. Qc2 c6 9. Be3 Qe7 10. Rad1 exd4 11. Bxd4 Re8 12. Rfe1 Bh6 13. Bf1 Ne5 14. Nxe5 dxe5 15. Be3 Bxe3 16. Rxe3 Nd7 17. Qd2 Nc5 18. Qd6 Qxd6 19. Rxd6 a5 20. Re2 Be6 21. Red2 Kf8 22. f3 Ke7 23. Kf2 g5 24. Nd1 Ra6 25. Ne3 Rb6 26. Ke1 Ra8 27. Be2 f6 28. Nd1 h5 29. h3 g4 30. hxg4 hxg4 31. Ne3 gxf3 32. gxf3 a4 33. Bd1 Rxb2 34. Rxb2 Kxd6 35. Rh2 b5 36. cxb5 cxb5 37. a3 Nb3 38. Nc2 Kc5 39. Rh6 Rf8 40. f4 Bc4 41. Rh5 Re8 42. Rf5 Bd3 43. Rxf6 exf4 44. Rxf4 Bxe4 45. Kf2 Nc1 46. Nb4 Nd3+ 47. Nxd3+ Bxd3 48. Bxa4 bxa4 49. Rxa4 Bc4 50. Ra5+ Kd4 51. Rf5 Ke4 52. Rf3 Rb8 53. Kg3 Bd5 54. Rf4+ Ke3 55. Rb4 Rf8 56. Kg4 Be4 57. Kg5 Rf5+ 58. Kg6 Kf4 59. a4 Rg5+ 60. Kf6 Rg6+ 61. Kf7 Ra6 62. Ke7 Ke5 63. Kd7 Ra7+ 64. Kc8 Bc6 65. Kb8 Rh7 66. Rg4 Kd6 67. Rg6+ Kc5 68. Kc8 Bxa4 69. Kd8 Rd7+ 70. Kc8 Bc6 71. Rg1 Ra7 72. Kd8 Rd7+ 73. Kc8 Re7 74. Kd8 Rd7+ 75. Kc8 Rh7 76. Kd8 Bd5 77. Rg6 Kd4 78. Rd6 Rh8+ 79. Ke7 Ke5 80. Re6+ Kd4 81. Re1 Rh6 82. Kd7 Be4 83. Ke7 Ke5 84. Re2 Rh7+ 85. Ke8 Kd5 86. Kf8 Bf5 87. Re1 Be6 88. Re2 Kd6 89. Re1 Rf7+ 90. Ke8 Rf2 91. Rd1+ Bd5 92. Rd4 Rf1 93. Rd2 Rg1 94. Rf2 Rg8+ 95. Rf8 Rg4 96. Rf2 Rg1 97. Rf4 Ke6 98. Kf8 Kd6 99. Ke8 Rg7 100. Rf2 Rg3 101. Rf1 Rg2 102. Rf4 Ke6 103. Kd8 Rc2 104. Rf1 Kd6 105. Rf7 Be6 106. Rd7+ Ke5 107. Rc7 Rh2 108. Rc6 Rh7 109. Rc7 Rh8+ 110. Ke7 Rg8 111. Rc5+ Bd5 112. Rc2 Rg7+ 113. Kf8 Rf7+ 114. Ke8 Kd6 115. Rd2 Rf1 116. Rd4 Ra1 117. Kf8 Rg1 118. Rg4 Rxg4 0-1

[Event "Canadian op"]
[Site "Laval"]
[Date "2024.07.17"]
[Round "7"]
[White "Le Pen, Steven"]
[Black "Tarjan, James Edward"]
[Result "1/2-1/2"]
[WhiteElo "2101"]
[BlackElo "2295"]
[PlyCount "69"]
[EventDate "2024.07.13"]
[EventType "swiss"]
[EventRounds "9"]
[EventCountry "CAN"]
[SourceTitle "EXT 2025"]
[Source "ChessBase"]
[SourceDate "2024.10.14"]
[SourceVersion "1"]
[SourceVersionDate "2024.10.14"]
[SourceQuality "1"]

1. e4 c6 2. d4 d5 3. Nc3 dxe4 4. Nxe4 Nd7 5. Nf3 Ngf6 6. Nxf6+ exf6 7. Bd3 Bd6 8. c3 0-0 9. Qc2 Re8+ 10. Be3 Nf8 11. 0-0-0 a5 12. Rdg1 Qc7 13. Kb1 a4 14. g4 Bf4 15. Qd2 Bxe3 16. fxe3 c5 17. h4 Be6 18. e4 cxd4 19. Nxd4 a3 20. b3 Rac8 21. Nb5 Qe5 22. Qh2 Red8 23. Qxe5 fxe5 24. Kc2 Ng6 25. Rg3 Nf4 26. Rd1 Rd7 27. g5 Rcd8 28. c4 Bg4 29. Rxg4 Nxd3 30. Kc3 Nb4 31. Rxd7 Nxa2+ 32. Kc2 Nb4+ 33. Kc3 Na2+ 34. Kc2 Nb4+ 35. Kc3 1/2-1/2

[Event "Canadian op"]
[Site "Laval"]
[Date "2024.07.15"]
[Round "4"]
[White "Tarjan, James Edward"]
[Black "Lawson, Eric"]
[Result "1/2-1/2"]
[WhiteElo "2295"]
[BlackElo "2190"]
[PlyCount "65"]
[EventDate "2024.07.13"]
[EventType "swiss"]
[EventRounds "9"]
[EventCountry "CAN"]
[SourceTitle "EXT 2025"]
[Source "ChessBase"]
[SourceDate "2024.10.14"]
[SourceVersion "1"]
[SourceVersionDate "2024.10.14"]
[SourceQuality "1"]

1. c4 e5 2. Nc3 Nf6 3. g3 c6 4. Nf3 e4 5. Nd4 Qb6 6. Nb3 a5 7. d3 a4 8. Nd2 exd3 9. Bg2 Bb4 10. 0-0 0-0 11. exd3 Qa5 12. Nde4 Nxe4 13. Nxe4 d5 14. cxd5 cxd5 15. a3 dxe4 16. axb4 Qxb4 17. Bxe4 Nd7 18. Qd2 Qxd2 19. Bxd2 Nc5 20. Bb4 Nxe4 21. dxe4 Re8 22. f3 Bd7 23. Rfd1 Bc6 24. Kf2 Rad8 25. g4 f6 26. Bc3 Rxd1 27. Rxd1 h6 28. h4 Re7 29. g5 hxg5 30. hxg5 Rd7 31. Rg1 Kf7 32. Rg4 Rd3 33. gxf6 1/2-1/2

[Event "Sunnyvale Silicon Valley Fall op"]
[Site "Sunnyvale"]
[Date "2023.09.02"]
[Round "5"]
[White "Tarjan, James Edward"]
[Black "Atwell, Rose"]
[Result "1/2-1/2"]
[WhiteElo "2306"]
[BlackElo "2031"]
[PlyCount "58"]
[EventDate "2023.08.31"]
[EventType "swiss"]
[EventRounds "7"]
[EventCountry "USA"]
[SourceTitle "CBM 216 Extra"]
[Source "ChessBase"]
[SourceDate "2023.11.30"]
[SourceVersion "1"]
[SourceVersionDate "2023.11.30"]
[SourceQuality "1"]

1. c4 e6 2. g3 d5 3. Nf3 Nf6 4. Bg2 Be7 5. 0-0 0-0 6. b3 c6 7. d4 b6 8. Qc2 Nbd7 9. Rd1 Bb7 10. Nc3 Rc8 11. e4 dxe4 12. Ng5 c5 13. dxc5 Bxc5 14. Ncxe4 Bxe4 15. Nxe4 Nxe4 16. Qxe4 Qf6 17. Be3 Rfd8 18. Rab1 Bxe3 19. Qxe3 Nc5 20. Bf3 a5 21. Kg2 g6 22. h4 h5 23. Be2 Qf5 24. Rbc1 Kg7 25. Bf3 Qf6 26. Rb1 Qf5 27. Rbc1 Qf6 28. Rb1 Qf5 29. Rbc1 Qf6 1/2-1/2

[Event "Sunnyvale Silicon Valley Fall op"]
[Site "Sunnyvale"]
[Date "2023.08.31"]
[Round "1"]
[White "Tarjan, James Edward"]
[Black "Bruzon Batista, Lazaro"]
[Result "0-1"]
[WhiteElo "2306"]
[BlackElo "2605"]
[PlyCount "71"]
[EventDate "2023.08.31"]
[EventType "swiss"]
[EventRounds "7"]
[EventCountry "USA"]
[SourceTitle "CBM 216 Extra"]
[Source "ChessBase"]
[SourceDate "2023.11.30"]
[SourceVersion "1"]
[SourceVersionDate "2023.11.30"]
[SourceQuality "1"]

1. c4 e5 2. Nc3 Bb4 3. Nd5 a5 4. a3 Bc5 5. Nf3 d6 6. e3 Nd7 7. d4 Ba7 8. b4 c6 9. Nc3 Ngf6 10. Bb2 0-0 11. Be2 Re8 12. 0-0 e4 13. Nd2 d5 14. cxd5 cxd5 15. bxa5 Qxa5 16. Nb5 Bb8 17. Qc2 Nf8 18. Rfc1 Ne6 19. a4 Qd8 20. Ra3 h5 21. f3 exf3 22. Nxf3 Bd7 23. Ne5 Qe7 24. Rf1 Rc8 25. Qd1 Bxb5 26. Bxb5 Bd6 27. Rb3 Rc7 28. Be2 h4 29. Rb6 Ng5 30. Rf5 Nge4 31. Bd3 Rac8 32. Rf1 Nc3 33. Qb3 Bxe5 34. Bf5 Bd6 35. Bxc8 Qxe3+ 36. Kh1 0-1

[Event "Las Vegas 1000 GM op"]
[Site "Las Vegas"]
[Date "2023.06.10"]
[Round "5"]
[White "Narayanan, Samrug"]
[Black "Tarjan, James Edward"]
[Result "1-0"]
[WhiteElo "2297"]
[BlackElo "2355"]
[PlyCount "139"]
[EventDate "2023.06.08"]
[EventType "swiss"]
[EventRounds "9"]
[EventCountry "USA"]
[SourceTitle "CBM 214 Extra"]
[Source "ChessBase"]
[SourceDate "2023.07.31"]
[SourceVersion "1"]
[SourceVersionDate "2023.07.31"]
[SourceQuality "1"]

1. e4 e5 2. Nf3 Nc6 3. Bb5 a6 4. Ba4 Nf6 5. 0-0 Be7 6. Re1 b5 7. Bb3 d6 8. c3 0-0 9. h3 Nb8 10. d4 Nbd7 11. Nbd2 Bb7 12. Bc2 Re8 13. Nf1 Bf8 14. Ng3 g6 15. a4 c6 16. Bg5 h6 17. Be3 Bg7 18. Qd2 Kh7 19. Rad1 Qc7 20. b4 Nb6 21. dxe5 dxe5 22. Bb3 Nxa4 23. Bxa4 bxa4 24. Qa2 a5 25. Qxa4 Bf8 26. bxa5 Rxa5 27. Qb3 Bc8 28. Rb1 Rb5 29. Qa4 Ra5 30. Qc2 Nd7 31. Nf1 Nc5 32. N1d2 Be6 33. c4 Rea8 34. Rb2 Ra1 35. Rxa1 Rxa1+ 36. Rb1 Rxb1+ 37. Qxb1 Nd7 38. Qa1 Bd6 39. Qa6 f5 40. Nb3 c5 41. Qb5 f4 42. Bd2 Qb6 43. Na5 Kg7 44. Bc3 Kf6 45. Nd2 Bc7 46. Nc6 g5 47. Ba5 Qxb5 48. cxb5 Bxa5 49. Nxa5 Nb6 50. Nb1 Ke7 51. Nc3 c4 52. Kf1 Kd6 53. Ke2 Bd7 54. Kd2 h5 55. f3 Kc7 56. Kc2 Kd6 57. Nb7+ Kc7 58. Nc5 Bxb5 59. Ne6+ Kd6 60. Nxg5 Be8 61. h4 Kc5 62. Ne6+ Kd6 63. Ng5 Kc5 64. Kd2 Kb4 65. Ne6 Na4 66. Nxa4 Bxa4 67. Ng7 c3+ 68. Kc1 Bb5 69. Nxh5 Bf1 70. Nf6 1-0

[Event "Los Angeles 1000 GM Spring op"]
[Site "Los Angeles"]
[Date "2023.03.21"]
[Round "9"]
[White "Zhou, Jianchao"]
[Black "Tarjan, James Edward"]
[Result "1-0"]
[WhiteElo "2550"]
[BlackElo "2359"]
[PlyCount "87"]
[EventDate "2023.03.17"]
[EventType "swiss"]
[EventRounds "9"]
[EventCountry "USA"]
[SourceTitle "CBM 213 Extra"]
[Source "ChessBase"]
[SourceDate "2023.05.31"]
[SourceVersion "1"]
[SourceVersionDate "2023.05.31"]
[SourceQuality "1"]

1. e4 e5 2. Nf3 Nc6 3. Bb5 a6 4. Ba4 Nf6 5. d3 d6 6. c3 Bd7 7. Nbd2 g6 8. Nf1 Bg7 9. Bg5 h6 10. Bh4 0-0 11. Ne3 Qe8 12. 0-0 Ne7 13. Bc2 Ng4 14. Nxg4 Bxg4 15. h3 Be6 16. d4 g5 17. Bg3 Ng6 18. Re1 Qe7 19. d5 Bd7 20. Nd2 f5 21. exf5 Bxf5 22. Bxf5 Rxf5 23. Ne4 Qf7 24. c4 Nf4 25. Rc1 b6 26. b4 Bf8 27. Rc2 a5 28. a3 Be7 29. Bxf4 exf4 30. Qd3 axb4 31. axb4 Re5 32. Rce2 Qg6 33. Qd1 Ra3 34. Nd2 Rd3 35. Qc2 Bf6 36. Rxe5 dxe5 37. Ne4 Rd4 38. c5 bxc5 39. bxc5 Be7 40. d6 Bd8 41. Qb3+ Kg7 42. Qb7 Qf7 43. Qc8 cxd6 44. Nxd6 1-0

[Event "US op Irwin 122nd"]
[Site "Rancho Mirage"]
[Date "2022.08.01"]
[Round "5"]
[White "Fedorowicz, John P"]
[Black "Tarjan, James Edward"]
[Result "1/2-1/2"]
[WhiteElo "2397"]
[BlackElo "2355"]
[PlyCount "27"]
[EventDate "2022.07.30"]
[EventType "swiss"]
[EventRounds "6"]
[EventCountry "USA"]
[SourceTitle "CBM 209 Extra"]
[Source "ChessBase"]
[SourceDate "2022.09.30"]
[SourceVersion "1"]
[SourceVersionDate "2022.09.30"]
[SourceQuality "1"]

1. d4 d5 2. c4 e6 3. Nc3 Be7 4. cxd5 exd5 5. Bf4 c6 6. e3 Bd6 7. Bxd6 Qxd6 8. Nf3 Nf6 9. Be2 0-0 10. 0-0 Nbd7 11. Rb1 a5 12. a3 Re8 13. b4 b5 14. Qb3 1/2-1/2

[Event "Seattle PNWCC Summer"]
[Site "Redmond"]
[Date "2022.06.27"]
[Round "7"]
[White "Vazquez, Guillermo"]
[Black "Tarjan, James Edward"]
[Result "1-0"]
[WhiteElo "2573"]
[BlackElo "2355"]
[PlyCount "93"]
[EventDate "2022.06.24"]
[EventType "swiss"]
[EventRounds "9"]
[EventCountry "USA"]
[SourceTitle "EXT 2023"]
[Source "ChessBase"]
[SourceDate "2022.10.05"]
[SourceVersion "1"]
[SourceVersionDate "2022.10.05"]
[SourceQuality "1"]

1. d4 d5 2. Nf3 e6 3. Bf4 Bd6 4. e3 Bxf4 5. exf4 Nf6 6. Nbd2 b6 7. c3 0-0 8. h4 h5 9. Ne5 Ba6 10. Bxa6 Nxa6 11. Ndf3 c5 12. Qd3 c4 13. Qc2 Nc7 14. Ng5 Nce8 15. g4 Nd6 16. 0-0-0 b5 17. Rdg1 b4 18. gxh5 b3 19. axb3 cxb3 20. Qxb3 Nf5 21. h6 Nxh6 22. h5 Rb8 23. Qc2 Rb7 24. Nd3 Qd6 25. Nf3 Rfb8 26. Nfe5 Kf8 27. f3 Nf5 28. Kd2 Rb6 29. Ra1 R8b7 30. Ra5 Nd7 31. b4 f6 32. Nxd7+ Rxd7 33. Qa4 a6 34. Re1 Rc7 35. Rc5 Kf7 36. Kc2 Rcc6 37. Kb3 Ng3 38. Qa5 Nf5 39. Qa2 Qc7 40. Qg2 a5 41. Qg6+ Kf8 42. Rxe6 Ne7 43. Qg4 axb4 44. cxb4 Qa7 45. Rexc6 Rxc6 46. Rxc6 f5 47. Rc8+ 1-0

[Event "Redmond"]
[Site "Redmond"]
[Date "2022.05.30"]
[Round "9"]
[White "Yim, Sung Ho"]
[Black "Tarjan, James Edward"]
[Result "1-0"]
[WhiteElo "2295"]
[BlackElo "2367"]
[PlyCount "93"]
[EventDate "2022.05.26"]
[EventType "tourn"]
[EventRounds "9"]
[EventCountry "USA"]
[EventCategory "1"]
[SourceTitle "CBM 209 Extra"]
[Source "ChessBase"]
[SourceDate "2022.09.30"]
[SourceVersion "1"]
[SourceVersionDate "2022.09.30"]
[SourceQuality "1"]

1. d4 d5 2. c4 e6 3. Nc3 Be7 4. Nf3 Nf6 5. Qc2 0-0 6. Bg5 Nbd7 7. cxd5 exd5 8. e3 b6 9. Be2 Bb7 10. 0-0 c5 11. dxc5 bxc5 12. Rfd1 Qb6 13. Bf4 Rac8 14. Qb3 Rfd8 15. Ne5 Nf8 16. Qxb6 axb6 17. Na4 Ne6 18. Bg3 Ne4 19. Nxb6 Nxg3 20. hxg3 Rc7 21. Rab1 f6 22. Bg4 Nf8 23. Nd3 g5 24. Ne1 Rd6 25. Na4 Nd7 26. Nc3 Ne5 27. Bf5 Rcd7 28. Nb5 Rb6 29. Bxd7 Nxd7 30. Nc3 Rd6 31. b4 c4 32. a4 f5 33. Nf3 f4 34. gxf4 gxf4 35. exf4 Nf8 36. Nd4 Bf6 37. Nce2 Ne6 38. g3 Bc8 39. Kg2 Bd7 40. b5 Nc5 41. a5 Bc8 42. a6 Rb6 43. Nc3 Nd3 44. Nxd5 Bxd4 45. Ne7+ Kf8 46. Nxc8 Rb8 47. Nd6 1-0

[Event "Redmond"]
[Site "Redmond"]
[Date "2022.05.28"]
[Round "5"]
[White "Tarjan, James Edward"]
[Black "Vazquez, Guillermo"]
[Result "1/2-1/2"]
[WhiteElo "2367"]
[BlackElo "2557"]
[PlyCount "41"]
[EventDate "2022.05.26"]
[EventType "tourn"]
[EventRounds "9"]
[EventCountry "USA"]
[EventCategory "1"]
[SourceTitle "CBM 209 Extra"]
[Source "ChessBase"]
[SourceDate "2022.09.30"]
[SourceVersion "1"]
[SourceVersionDate "2022.09.30"]
[SourceQuality "1"]

1. e4 c6 2. Nf3 d5 3. exd5 cxd5 4. Ne5 Nc6 5. d4 a6 6. Nxc6 bxc6 7. c4 e6 8. Be2 Bd6 9. 0-0 Ne7 10. b3 0-0 11. Bb2 f6 12. Nc3 Ra7 13. Qd2 g5 14. g3 Ng6 15. Bh5 f5 16. Rae1 Rg7 17. Kh1 g4 18. Ne2 Nh4 19. f4 gxf3 20. Bxf3 Nxf3 21. Rxf3 1/2-1/2

[Event "Redmond"]
[Site "Redmond"]
[Date "2022.05.27"]
[Round "2"]
[White "Levine, Joseph1"]
[Black "Tarjan, James Edward"]
[Result "1-0"]
[WhiteElo "2200"]
[BlackElo "2367"]
[PlyCount "79"]
[EventDate "2022.05.26"]
[EventType "tourn"]
[EventRounds "9"]
[EventCountry "USA"]
[EventCategory "1"]
[SourceTitle "CBM 209 Extra"]
[Source "ChessBase"]
[SourceDate "2022.09.30"]
[SourceVersion "1"]
[SourceVersionDate "2022.09.30"]
[SourceQuality "1"]

1. e4 c6 2. d3 e5 3. Nf3 d6 4. Nc3 Nf6 5. Be2 Be7 6. 0-0 0-0 7. Kh1 Re8 8. Ng1 b5 9. f4 b4 10. Nb1 exf4 11. Bxf4 Nbd7 12. Nf3 Nf8 13. h3 Ng6 14. Bh2 Bf8 15. Nbd2 Bb7 16. c3 a5 17. Qc2 c5 18. Rf2 d5 19. e5 Nd7 20. d4 Ba6 21. Bxa6 Rxa6 22. Raf1 f6 23. Qf5 bxc3 24. bxc3 cxd4 25. cxd4 Bb4 26. Qh5 Rc6 27. Nb3 Qc8 28. e6 Rcxe6 29. Qxd5 Nb6 30. Qh5 a4 31. Nc5 Rc6 32. Nxa4 Nxa4 33. Qb5 Rc4 34. Qxa4 Re3 35. Qb5 Ne7 36. Rb2 Ba3 37. Rb3 Rec3 38. Re1 Kf8 39. Qa5 Nc6 40. Qxa3+ 1-0

[Event "Redmond PNWCC Artist Point"]
[Site "Redmond"]
[Date "2021.09.05"]
[Round "7"]
[White "Lee, Michael"]
[Black "Tarjan, James Edward"]
[Result "1-0"]
[WhiteElo "2386"]
[BlackElo "2396"]
[PlyCount "69"]
[EventDate "2021.09.02"]
[EventType "swiss"]
[EventRounds "9"]
[EventCountry "USA"]
[SourceTitle "CBM 204 Extra"]
[Source "ChessBase"]
[SourceDate "2021.11.30"]
[SourceVersion "1"]
[SourceVersionDate "2021.11.30"]
[SourceQuality "1"]

1. Nf3 d5 2. g3 Nf6 3. Bg2 e6 4. 0-0 Be7 5. c4 0-0 6. d4 c6 7. Qc2 b6 8. Nbd2 a5 9. e4 Na6 10. e5 Nd7 11. b3 Bb7 12. Bb2 Ra7 13. Rac1 Qa8 14. h4 h6 15. cxd5 Nb4 16. Qb1 Nxd5 17. Ne4 a4 18. Nh2 c5 19. h5 Rd8 20. Ng4 axb3 21. axb3 Nb4 22. dxc5 Nxc5 23. Nef6+ gxf6 24. Bxb7 Qxb7 25. Nxh6+ Kg7 26. Nf5+ exf5 27. Qxf5 Kh8 28. e6 Nxe6 29. Bxf6+ Bxf6 30. Qxf6+ Kg8 31. Rc4 Nd5 32. Rg4+ Kf8 33. Qh6+ Ke7 34. Re1 Rd6 35. Qd2 1-0

[Event "Redmond PNWCC Artist Point"]
[Site "Redmond"]
[Date "2021.09.05"]
[Round "6"]
[White "Tarjan, James Edward"]
[Black "He, Anthony B"]
[Result "1/2-1/2"]
[WhiteElo "2396"]
[BlackElo "2452"]
[PlyCount "79"]
[EventDate "2021.09.02"]
[EventType "swiss"]
[EventRounds "9"]
[EventCountry "USA"]
[SourceTitle "CBM 204 Extra"]
[Source "ChessBase"]
[SourceDate "2021.11.30"]
[SourceVersion "1"]
[SourceVersionDate "2021.11.30"]
[SourceQuality "1"]

1. c4 e5 2. g3 c6 3. d4 e4 4. Nh3 h6 5. Bg2 Nf6 6. 0-0 d5 7. cxd5 cxd5 8. f3 Nc6 9. Nc3 exf3 10. Rxf3 Be7 11. Rf1 Bxh3 12. Bxh3 0-0 13. Be3 Re8 14. Qd2 Bb4 15. Bxh6 Bxc3 16. bxc3 Ne4 17. Qf4 gxh6 18. Qxf7+ Kh8 19. Qxb7 Ne7 20. Qa6 Qb6 21. Qd3 Qg6 22. Bg2 Rac8 23. Rac1 Kg7 24. c4 Nf6 25. Qb3 dxc4 26. Rxc4 Rxc4 27. Qxc4 Nf5 28. Bf3 Ne3 29. Qc7+ Kg8 30. Rc1 Nf5 31. Qf4 Qg5 32. Qxg5+ hxg5 33. Rc5 Nxd4 34. Rxg5+ Kf7 35. Ra5 Nxe2+ 36. Kf2 Nc1 37. Rxa7+ Kg6 38. g4 Nd3+ 39. Kg3 Re3 40. Ra4 1/2-1/2

[Event "USA-ch Seniors"]
[Site "Saint Louis"]
[Date "2021.07.25"]
[Round "9"]
[White "Tarjan, James Edward"]
[Black "Christiansen, Larry Mark"]
[Result "0-1"]
[WhiteElo "2381"]
[BlackElo "2567"]
[PlyCount "102"]
[EventDate "2021.07.16"]
[EventType "tourn"]
[EventRounds "9"]
[EventCountry "USA"]
[EventCategory "10"]
[SourceTitle "CBM 203 Extra"]
[Source "ChessBase"]
[SourceDate "2021.09.30"]
[SourceVersion "1"]
[SourceVersionDate "2021.09.30"]
[SourceQuality "1"]

1. c4 e5 2. g3 c6 3. d4 exd4 4. Qxd4 Nf6 5. Nf3 Na6 6. Bg2 Bc5 7. Qe5+ Be7 8. 0-0 0-0 9. Nc3 Re8 10. Rd1 Nc7 11. Qa5 d6 12. h3 Be6 13. b3 Qc8 14. Kh2 d5 15. Be3 b6 16. Qa4 c5 17. cxd5 Ncxd5 18. Bd2 Bf8 19. Rac1 Bd7 20. Qc4 Bc6 21. Ng5 Qb7 22. Nxd5 Nxd5 23. Be1 Re5 24. Nf3 Re6 25. Ng5 Re5 26. Nf3 Rh5 27. Kg1 b5 28. Qd3 Nf6 29. Bc3 Rd5 30. Qc2 Ne4 31. Bb2 Rxd1+ 32. Rxd1 f6 33. Bc1 Re8 34. Rd3 Qf7 35. Nd2 f5 36. Nxe4 Bxe4 37. Bxe4 fxe4 38. Rd1 Qe6 39. Kg2 a6 40. e3 Rc8 41. Qd2 Be7 42. Qd7 Qxd7 43. Rxd7 Bf6 44. Rd2 Kf7 45. Rc2 c4 46. bxc4 Rxc4 47. Rxc4 bxc4 48. f3 Ba1 49. Ba3 c3 50. Bc5 Ke6 51. Bd4 c2 0-1

[Event "USA-ch Seniors"]
[Site "Saint Louis"]
[Date "2021.07.23"]
[Round "7"]
[White "Tarjan, James Edward"]
[Black "Khachiyan, Melikset"]
[Result "1-0"]
[WhiteElo "2381"]
[BlackElo "2474"]
[PlyCount "93"]
[EventDate "2021.07.16"]
[EventType "tourn"]
[EventRounds "9"]
[EventCountry "USA"]
[EventCategory "10"]
[SourceTitle "CBM 203 Extra"]
[Source "ChessBase"]
[SourceDate "2021.09.30"]
[SourceVersion "1"]
[SourceVersionDate "2021.09.30"]
[SourceQuality "1"]

1. c4 c6 2. Nf3 d5 3. e3 Nf6 4. Nc3 g6 5. d4 Bg7 6. Be2 0-0 7. 0-0 dxc4 8. Bxc4 Bg4 9. h3 Bxf3 10. Qxf3 Nbd7 11. Rd1 e5 12. a4 exd4 13. exd4 Nb6 14. Bb3 a5 15. Bg5 h6 16. Bh4 g5 17. Bg3 Nfd5 18. Rac1 Re8 19. Ne4 Re6 20. Nc5 Rf6 21. Qe4 Nf4 22. Nxb7 Qb8 23. Nc5 Nbd5 24. Re1 Ra7 25. Bc2 Kf8 26. Qh7 Qd8 27. Re4 Re7 28. Rce1 Rxe4 29. Qxe4 Qc8 30. Bb3 Rd6 31. Bxf4 gxf4 32. Bxd5 Rxd5 33. Qxf4 Kg8 34. Re7 Qf5 35. Qxf5 Rxf5 36. Nb3 Rd5 37. Re4 Rd7 38. Nxa5 Bxd4 39. b4 Bb6 40. Nxc6 Rd1+ 41. Kh2 Bxf2 42. g4 Rd2 43. a5 h5 44. Kg2 h4 45. Kf3 Bg1 46. Re1 Rd3+ 47. Ke4 1-0

[Event "USA-ch Seniors"]
[Site "Saint Louis"]
[Date "2021.07.19"]
[Round "4"]
[White "Fishbein, Alexander"]
[Black "Tarjan, James Edward"]
[Result "1/2-1/2"]
[WhiteElo "2417"]
[BlackElo "2381"]
[PlyCount "124"]
[EventDate "2021.07.16"]
[EventType "tourn"]
[EventRounds "9"]
[EventCountry "USA"]
[EventCategory "10"]
[SourceTitle "CBM 203 Extra"]
[Source "ChessBase"]
[SourceDate "2021.09.30"]
[SourceVersion "1"]
[SourceVersionDate "2021.09.30"]
[SourceQuality "1"]

1. d4 d5 2. c4 e6 3. Nc3 Be7 4. Nf3 Nf6 5. Bg5 h6 6. Bxf6 Bxf6 7. e3 0-0 8. Rc1 a6 9. cxd5 exd5 10. Bd3 c6 11. 0-0 Be6 12. Ne2 Nd7 13. Nf4 Bg4 14. Bb1 Re8 15. Rc3 a5 16. h3 Bxf3 17. Qxf3 Be7 18. Nd3 Bd6 19. Rfc1 g6 20. g3 Kg7 21. Re1 Qe7 22. Rcc1 h5 23. Nf4 Nf6 24. Kg2 Rad8 25. h4 Ne4 26. Nh3 Bc7 27. Bxe4 dxe4 28. Qd1 Rd5 29. Ng5 f6 30. Nh3 Red8 31. Qe2 Qe6 32. b3 g5 33. hxg5 fxg5 34. Rh1 h4 35. gxh4 gxh4 36. Rcg1 c5 37. Kf1+ Kf6 38. Rg4 cxd4 39. Nf4 Bxf4 40. Rxf4+ Ke7 41. exd4 Rxd4 42. Rhxh4 Rd1+ 43. Kg2 Rg8+ 44. Kh2 Rdg1 45. Qxe4 Qxe4 46. Rxe4+ Kd6 47. Ref4 b5 48. Rf6+ Ke5 49. Rf3 Ke6 50. Rg3 R8xg3 51. fxg3 Ra1 52. Re4+ Kf5 53. Re2 a4 54. bxa4 bxa4 55. Kg2 a3 56. Kf3 Rf1+ 57. Ke3 Kg4 58. Kd4 Kxg3 59. Kc4 Kf4 60. Re8 Rf3 61. Kb4 Rh3 62. Re7 Kf5 1/2-1/2

[Event "PNWCC Super G60 Apr Gp1"]
[Site "Chess.com INT"]
[Date "2021.04.24"]
[Round "2"]
[White "Demchenko, Anton"]
[Black "Tarjan, James Edward"]
[Result "1-0"]
[WhiteElo "2610"]
[BlackElo "2381"]
[PlyCount "125"]
[EventDate "2021.04.24"]
[EventType "swiss"]
[EventRounds "6"]
[EventCountry "USA"]
[SourceTitle "CBM 202 Extra"]
[Source "ChessBase"]
[SourceDate "2021.07.31"]
[SourceVersion "1"]
[SourceVersionDate "2021.07.31"]
[SourceQuality "1"]

1. e4 e5 2. Nf3 Nc6 3. Bc4 Nf6 4. d3 Be7 5. 0-0 0-0 6. Re1 d6 7. a4 a5 8. c3 h6 9. Nbd2 Be6 10. Bxe6 fxe6 11. Nf1 Re8 12. Ng3 Bf8 13. d4 exd4 14. Nxd4 Qd7 15. Nb5 e5 16. Qb3+ Kh7 17. Be3 Ng4 18. Bd2 Ne7 19. Qf7 Rad8 20. Rad1 Ng6 21. Qxd7 Rxd7 22. c4 c6 23. Na3 Nf4 24. f3 Nf6 25. Bxa5 Ra8 26. Bc3 Rxa4 27. Nf5 Ne6 28. Kf1 g6 29. Ne3 h5 30. Nac2 Rd8 31. g3 Be7 32. Ra1 Rda8 33. Rxa4 Rxa4 34. Ke2 Kg8 35. b4 Kf7 36. Kd3 Ra2 37. Rf1 Bf8 38. f4 exf4 39. gxf4 Bh6 40. Ng2 Nxe4 41. Ba1 b5 42. cxb5 cxb5 43. Nge3 Nf6 44. Bxf6 Kxf6 45. Nd5+ Kf7 46. f5 Ng7 47. fxg6+ Kxg6 48. Rf6+ Kh7 49. Rxd6 Bg5 50. Rb6 Ne8 51. Rxb5 Kg6 52. Rb8 Nf6 53. Rb6 Kf7 54. Rb7+ Ke6 55. Nc3 Ra8 56. Nd4+ Kd6 57. Rb6+ Ke5 58. Rb5+ Kf4 59. Ne6+ Kg4 60. Rxg5+ Kh3 61. Rf5 Ng4 62. Rxh5+ Kg2 63. Rg5 1-0